In punta di cuore /

Salvato in:
Dettagli Bibliografici
Autore principale: Mai, Ottavio
Natura: Libro
Lingua:italiano
Pubblicazione: [S.l. : s.n.], 2012
Tags: Aggiungi Tag
Nessun Tag, puoi essere il primo ad aggiungerne!!

MARC

LEADER 00000nam a22000007i 4500
001 IT\ICCU\CFI\0932073
003 ItRI
005 20250412185204.0
008 160504s2012 it |||||| ||||| |||||c
020 |a 9788896469385 
040 |b ita  |c Arcigay Rimini 
041 7 |a ita  |2 ISO-639-2 
100 1 |a Mai, Ottavio  |0 IT\ICCU\BVEV\031294 
245 1 3 |a In punta di cuore /  |c Ottavio Mario Mai. 
260 |a [S.l. :  |b s.n.],  |c 2012  |e (Torino :  |f La grafica nuova) 
300 |a 207 p. :  |b ill. ;  |c 21 cm 
500 |a Contiene: Il cinema di Ottavio Mario Mai, Racconti di strada, Poesie-vedrò la mia vita 
942 |2 ddc  |c BK 
952 |0 0  |1 0  |2 ddc  |4 0  |6 791_430000000000000_MAI_INP  |7 1  |9 3754  |a RN  |b RN  |d 2025-04-12  |l 0  |o 791.430 MAI INP  |p 11002  |r 2025-04-12 18:55:00  |w 2025-04-12  |y BK 
981 1 |6 z01  |a i   |b xxxe  
982 1 |6 z01  |a n 
999 |c 2935  |d 2935